The complete contented your ultimate guide to feline fulfilment cat

Bibliographic Details
Main Author: Taylor David
Format: Book
Published: U.K : David & charles publication , 2013
Subjects:

MARC

LEADER 00000cam a2200000 7i4500
001 0000041238
005 20140717.0
008 140717
020 |a 071533641X 
090 0 0 |a 636.8   |b TAY 
100 1 |a Taylor David 
245 1 0 |a The complete contented your ultimate guide to feline fulfilment cat   |c David Taylor 
260 |a U.K :   |b David & charles publication ,   |c 2013 
650 0 |a Cats 
650 0 |a Cats   |x health 
999 |a 0001292923   |b Book   |c Adult Collection   |e Perbadanan Perpustakaan Awam Johor